[Event "36th World U20 ch"]
[Site "Zagan POL"]
[Date "1997.07.14"]
[Round "1"]
[White "Balogh, Tomas"]
[Black "Baklan, Volodymyr"]
[Result "1/2-1/2"]
[WhiteElo "2390"]
[BlackElo "2570"]
[EventDate "1997.07.14"]
[PlyCount "25"]

1.d4 Nf6 2.c4 c5 3.Nf3 cxd4 4.Nxd4 Nc6 5.g3 d6 6.Bg2 Bd7 7.O-O g6 8.Nc3 
Bg7 9.b3 Nxd4 10.Qxd4 Bc6 11.Bb2 O-O 12.Nd5 Ne8 13.Qd2 1/2-1/2

[Event "36th World U20 ch"]
[Site "Zagan POL"]
[Date "1997.07.14"]
[Round "1"]
[White "Avrukh, Boris"]
[Black "Bunzmann, Dimitrij"]
[Result "1/2-1/2"]
[WhiteElo "2550"]
[BlackElo "2370"]
[EventDate "1997.07.14"]
[PlyCount "99"]

1.d4 Nf6 2.c4 e6 3.Nf3 b6 4.g3 Bb4+ 5.Bd2 Be7 6.Nc3 Ba6 7.b3 c6 8.e4 d5 9.
Bd3 c5 10.exd5 exd5 11.dxc5 dxc4 12.Bxc4 Bxc4 13.bxc4 Bxc5 14.Qe2+ Qe7 15.
Nd5 Nxd5 16.cxd5 Nd7 17.Qxe7+ Kxe7 18.O-O Rhe8 19.Rfd1 Kf8 20.Bf4 Nf6 21.
Bc7 Ne4 22.d6 Nxf2 23.Rd5 Ne4+ 24.Kf1 Nf6 25.Rd3 Nd7 26.a4 h6 27.a5 b5 28.
a6 Re4 29.Rd5 Rae8 30.Rad1 Rc4 31.Ne1 b4 32.Nd3 Bb6 33.Ne5 Rxe5 34.Rxe5 
Nxe5 35.Bxb6 axb6 36.a7 Rc8 37.d7 Nxd7 38.Rxd7 b3 39.Rb7 b2 40.Rxb6 Ra8 
41.Rxb2 Rxa7 42.Kg2 Ra3 43.Rb8+ Ke7 44.Rb7+ Ke6 45.Rb6+ Kf5 46.Rb5+ Kg6 
47.h4 f5 48.Rb7 Ra6 49.Kf3 Kf6 50.Rc7 1/2-1/2

[Event "36th World U20 ch"]
[Site "Zagan POL"]
[Date "1997.07.14"]
[Round "1"]
[White "Henni, Mohamed"]
[Black "Kacheishvili, Giorgi"]
[Result "0-1"]
[WhiteElo "2375"]
[BlackElo "2550"]
[EventDate "1997.07.14"]
[PlyCount "84"]

1.e4 c6 2.d4 d5 3.Nd2 dxe4 4.Nxe4 Nd7 5.Nf3 Ngf6 6.Nxf6+ Nxf6 7.Bc4 Nd5 8.
Ne5 g6 9.h4 f6 10.Nf3 Bg4 11.Be2 Qd6 12.Nd2 Bxe2 13.Qxe2 Nf4 14.Ne4 Nxe2 
15.Nxd6+ exd6 16.Kxe2 Kf7 17.f3 Re8+ 18.Kf2 d5 19.Be3 h5 20.Rae1 Bb4 21.c3
Bd6 22.Bd2 b5 23.Rxe8 Rxe8 24.Re1 Rb8 25.a3 a5 26.Rc1 Re8 27.Re1 Rxe1 28.
Bxe1 Bf4 29.b4 a4 30.Ke2 Ke6 31.g3 Bc1 32.Kd1 Bh6 33.Ke2 Kf5 34.Kd3 g5 35.
Ke2 g4 36.f4 Bxf4 37.gxf4 Kxf4 38.Kf2 f5 39.Bd2+ Ke4 40.Kg3 Kd3 41.Bc1 Kc2
42.Be3 Kb2 0-1

[Event "36th World U20 ch"]
[Site "Zagan POL"]
[Date "1997.07.14"]
[Round "1"]
[White "Bates, Richard"]
[Black "Ivanisevic, Ivan"]
[Result "1/2-1/2"]
[WhiteElo "2345"]
[BlackElo "2540"]
[EventDate "1997.07.14"]
[PlyCount "97"]

1.d4 d5 2.c4 c6 3.Nf3 Nf6 4.e3 e6 5.Bd3 Nbd7 6.O-O Bd6 7.Nc3 O-O 8.e4 dxc4
9.Bxc4 e5 10.h3 Qe7 11.Bg5 h6 12.Be3 exd4 13.Nxd4 Nb6 14.Bd3 Rd8 15.Qe2 g5
16.a4 Bc5 17.Nf3 Bxe3 18.Qxe3 Nh5 19.e5 Nf4 20.Bc2 Be6 21.h4 Nbd5 22.Nxd5 
Bxd5 23.g3 Qe6 24.hxg5 Nh3+ 25.Kh2 Qg4 26.Bd1 Nxg5 27.Nxg5 Qxg5 28.f4 Qf5 
29.Re1 Bc4 30.g4 Qd3 31.Ra3 Qxe3 32.Raxe3 Rd2+ 33.Kg3 Rad8 34.Bb3 Bxb3 35.
Rxb3 R2d3+ 36.Rxd3 Rxd3+ 37.Kf2 Rb3 38.Re2 Rb4 39.Kf3 Rb3+ 40.Ke4 Rb4+ 41.
Kf5 Rxa4 42.Rd2 Rb4 43.Rd8+ Kg7 44.Rd7 Rb5 45.b4 Rxb4 46.e6 Rb5+ 47.Ke4 
Kf6 48.e7 Rb4+ 49.Kf3 1/2-1/2

[Event "36th World U20 ch"]
[Site "Zagan POL"]
[Date "1997.07.14"]
[Round "1"]
[White "Bauer, Christian"]
[Black "Bagheri, Amir"]
[Result "1/2-1/2"]
[WhiteElo "2525"]
[BlackElo "2300"]
[EventDate "1997.07.14"]
[PlyCount "149"]

1.g3 Nf6 2.Bg2 d5 3.d3 c6 4.Nf3 Bg4 5.O-O Nbd7 6.Qe1 e5 7.e4 dxe4 8.dxe4 
Be7 9.Nbd2 O-O 10.Nc4 Qc7 11.Ne3 Bxf3 12.Bxf3 g6 13.Qe2 Nc5 14.Ng4 Rfd8 
15.Nxf6+ Bxf6 16.Be3 Ne6 17.c3 Bg5 18.Bg4 Bxe3 19.Qxe3 Qe7 20.Rad1 b6 21.
b4 Kg7 22.h4 h5 23.Be2 Rxd1 24.Rxd1 Rd8 25.Kf1 Rxd1+ 26.Bxd1 Qd7 27.Ba4 
Nc7 28.Ke2 Ne8 29.Qd3 Nd6 30.Bb3 Kf8 31.Qd2 Qe7 32.Qh6+ Ke8 33.Qh8+ Kd7 
34.Qb8 Nb5 35.Ke3 f5 36.a4 Qd6 37.Qb7+ Nc7 38.Qxa7 c5 39.exf5 gxf5 40.a5 
bxa5 41.bxc5 f4+ 42.Ke4 Qg6+ 43.Kxe5 fxg3 44.c6+ Qxc6 45.Qd4+ Kc8 46.fxg3 
Qb5+ 47.Bd5 a4 48.c4 Qe8+ 49.Kf5 a3 50.Qa7 Qd7+ 51.Kg6 Qg4+ 52.Kh6 Qxg3 
53.Kxh5 Qe5+ 54.Kg6 Qb2 55.Qc5 Qc2+ 56.Kf6 Qc3+ 57.Kf5 Qh3+ 58.Kg5 Qg3+ 
59.Kf5 Kd8 60.Qf8+ Ne8 61.Qc5 Nd6+ 62.Kf6 Qxh4+ 63.Kg6 Qg4+ 64.Kh7 Qh5+ 
65.Kg8 Qg4+ 66.Kf8 Qf5+ 67.Kg8 Qg5+ 68.Kf8 Qe7+ 69.Kg8 Qe8+ 70.Kh7 Qd7+ 
71.Kg8 a2 72.Qa5+ Ke7 73.Qe1+ Kf6 74.Qc3+ Kg5 75.Qd2+ 1/2-1/2

[Event "36th World U20 ch"]
[Site "Zagan POL"]
[Date "1997.07.14"]
[Round "1"]
[White "Vesterbak Pedersen, Nicolai"]
[Black "Iordachescu, Viorel"]
[Result "0-1"]
[WhiteElo "2300"]
[BlackElo "2500"]
[EventDate "1997.07.14"]
[PlyCount "104"]

1.d4 Nf6 2.c4 e6 3.Nc3 Bb4 4.e3 O-O 5.Bd3 d5 6.cxd5 exd5 7.Ne2 Bd6 8.f3 c5
9.O-O Nc6 10.Qe1 a6 11.Qh4 Ne7 12.g4 Ng6 13.Qf2 b5 14.g5 Nd7 15.f4 f5 16.
gxf6 Nxf6 17.Qg2 Ne7 18.Kh1 Rf7 19.e4 c4 20.Bc2 dxe4 21.Nxe4 Ra7 22.Nxf6+ 
Rxf6 23.Ng3 Bb7 24.Be4 Qd7 25.Bd2 Nf5 26.Nxf5 Bxe4 27.Nh6+ Rxh6 28.Qxe4 
Qb7 29.d5 Qf7 30.a4 Re7 31.Qg2 b4 32.Rae1 Rc7 33.Qe4 Rh5 34.Rf3 Rxd5 35.
Re2 Bf8 36.f5 Rd6 37.Bxb4 Rd1+ 38.Re1 Rxe1+ 39.Qxe1 Qd5 40.Kg2 Bxb4 41.
Qxb4 Rb7 42.Qe1 Rxb2+ 43.Kg3 Kf7 44.Qe3 Qd6+ 45.Qf4 Rb6 46.Rc3 Qxf4+ 47.
Kxf4 Rb4 48.a5 Kf6 49.Ke4 Ra4 50.Rh3 Rxa5 51.Rxh7 Rc5 52.Kd4 c3 0-1

[Event "36th World U20 ch"]
[Site "Zagan POL"]
[Date "1997.07.14"]
[Round "1"]
[White "Shaked, Tal"]
[Black "Podkriznik, Gregor"]
[Result "1-0"]
[WhiteElo "2500"]
[BlackElo "2295"]
[EventDate "1997.07.14"]
[PlyCount "87"]

1.d4 d5 2.c4 c6 3.Nc3 dxc4 4.e4 b5 5.a4 b4 6.Na2 Nf6 7.e5 Nd5 8.Bxc4 e6 9.
Nf3 Be7 10.O-O O-O 11.Qc2 a5 12.Rd1 Bb7 13.Qe4 Nd7 14.Qg4 Re8 15.Bh6 g6 
16.Nc1 c5 17.Nb3 Rc8 18.Rac1 Qb6 19.Bb5 Bc6 20.dxc5 Nxc5 21.Nbd4 Bxb5 22.
axb5 Na4 23.Nc6 Bc5 24.Rxd5 exd5 25.Ne7+ Bxe7 26.Rxc8 Rxc8 27.Qxc8+ Qd8 
28.Qc2 Nc5 29.Nd4 Qb6 30.Be3 Qb7 31.Nc6 Ne6 32.Qd3 d4 33.Bxd4 Nxd4 34.Qxd4
Bf8 35.Qd5 a4 36.Nxb4 Qc8 37.Nc6 Qf5 38.Qd1 a3 39.bxa3 Bxa3 40.Qd8+ Kg7 
41.Qf6+ Qxf6 42.exf6+ Kxf6 43.b6 Bd6 44.b7 1-0

[Event "36th World U20 ch"]
[Site "Zagan POL"]
[Date "1997.07.14"]
[Round "1"]
[White "Sarakauskas, Gediminas"]
[Black "Mirumian, Vigen"]
[Result "1/2-1/2"]
[WhiteElo "2295"]
[BlackElo "2490"]
[EventDate "1997.07.14"]
[PlyCount "74"]

1.e4 c5 2.Nf3 e6 3.d4 cxd4 4.Nxd4 Nf6 5.Nc3 d6 6.Be2 a6 7.O-O Nbd7 8.f4 
Qc7 9.Bf3 Be7 10.a4 Nf8 11.Kh1 Ng6 12.f5 Ne5 13.fxe6 fxe6 14.Bh5+ g6 15.
Be2 O-O 16.Qe1 Ne8 17.Bf4 Bf6 18.Rd1 Bd7 19.Qg3 Rd8 20.Bg5 Bc8 21.Rf2 Bxg5
22.Rxf8+ Kxf8 23.Qxg5 Kg7 24.Rf1 h6 25.Qh4 g5 26.Qg3 Qe7 27.h4 Nc7 28.Nf3 
Nxf3 29.Rxf3 Rf8 30.e5 d5 31.Bd3 Rxf3 32.gxf3 Kf8 33.hxg5 Qxg5 34.Qxg5 
hxg5 35.Kg2 Bd7 36.Kg3 Kg7 37.b3 Be8 1/2-1/2

[Event "36th World U20 ch"]
[Site "Zagan POL"]
[Date "1997.07.14"]
[Round "1"]
[White "Carrasco Martinez, Juan Manuel"]
[Black "Zhang Zhong"]
[Result "1-0"]
[WhiteElo "2280"]
[BlackElo "2475"]
[EventDate "1997.07.14"]
[PlyCount "105"]

1.d4 f5 2.g3 Nf6 3.Bg2 g6 4.c3 Bg7 5.Qb3 c6 6.Nd2 d5 7.Nh3 Nbd7 8.Nf4 Nf8 
9.Nf3 Qb6 10.Qc2 Be6 11.O-O h6 12.b3 Bg8 13.c4 g5 14.Nd3 Ne6 15.e3 Bh7 16.
a4 O-O 17.Ba3 Rfe8 18.Nfe5 f4 19.Bh3 g4 20.Bxg4 Nxg4 21.Nxg4 Nxd4 22.exd4 
Qxd4 23.Rad1 Bf5 24.Qe2 f3 25.Nxh6+ Bxh6 26.Qxf3 Bg4 27.Ne5 Bxf3 28.Rxd4 
Be4 29.f4 Bg7 30.c5 Rf8 31.Rb4 Rab8 32.Bb2 b6 33.cxb6 axb6 34.Rc1 c5 35.
Rb5 Rfd8 36.Kf2 d4 37.Nc4 Bd3 38.Rd1 Bc2 39.Rd2 Bf5 40.Nxb6 e5 41.fxe5 Rf8
42.Ke1 Bh3 43.Rf2 Rxf2 44.Kxf2 Rf8+ 45.Ke1 Bh6 46.Nd5 Rf1+ 47.Ke2 Rb1 48.
Rb8+ Kf7 49.Ba3 Bf5 50.Nf4 Bxf4 51.gxf4 d3+ 52.Kd2 Rg1 53.Rf8+ 1-0

[Event "36th World U20 ch"]
[Site "Zagan POL"]
[Date "1997.07.14"]
[Round "1"]
[White "Macieja, Bartlomiej"]
[Black "Rezan, Sasa"]
[Result "1-0"]
[WhiteElo "2470"]
[BlackElo "2250"]
[EventDate "1997.07.14"]
[PlyCount "63"]

1.e4 c5 2.Nf3 e6 3.d4 cxd4 4.Nxd4 Nf6 5.Nc3 d6 6.g4 Nc6 7.g5 Nd7 8.Be3 Be7
9.h4 O-O 10.Qh5 a6 11.O-O-O Nxd4 12.Bxd4 b5 13.f4 b4 14.Ne2 e5 15.Be3 Qa5 
16.Kb1 Nc5 17.Bxc5 Qxc5 18.f5 Bb7 19.Ng3 Rac8 20.Bd3 f6 21.Qg4 d5 22.h5 
Qe3 23.h6 Qxg5 24.Qe2 Bc5 25.hxg7 Rf7 26.Nh5 dxe4 27.Bc4 Bd4 28.Be6 e3 29.
Rhg1 Qh6 30.Bxf7+ Kxf7 31.g8=Q+ Rxg8 32.Qc4+ 1-0

[Event "36th World U20 ch"]
[Site "Zagan POL"]
[Date "1997.07.14"]
[Round "1"]
[White "Kunte, Abhijit"]
[Black "Dantas, Carlos"]
[Result "1-0"]
[WhiteElo "2430"]
[BlackElo "2200"]
[EventDate "1997.07.14"]
[PlyCount "69"]

1.e4 e5 2.Nf3 Nc6 3.Bb5 a6 4.Ba4 Nf6 5.O-O Be7 6.Re1 b5 7.Bb3 O-O 8.a4 b4 
9.c3 d5 10.exd5 Nxd5 11.Nxe5 Nxe5 12.Rxe5 c6 13.d4 Bd6 14.Re1 Qh4 15.g3 
Qh3 16.Be3 Bg4 17.Qd3 Rae8 18.Nd2 Re6 19.c4 Nxe3 20.Rxe3 Rh6 21.Nf1 Qh5 
22.Bd1 a5 23.Bxg4 Qxg4 24.Rae1 Qd7 25.c5 Bc7 26.Re7 Qd8 27.Qf5 Rf6 28.Qd7 
Qxd7 29.Rxd7 Bd8 30.Nd2 g6 31.Nc4 Rf5 32.Re5 Rf3 33.Re3 Rf5 34.Ne5 Rf6 35.
Rd6 1-0

[Event "36th World U20 ch"]
[Site "Zagan POL"]
[Date "1997.07.14"]
[Round "1"]
[White "Moreira Romero, Jairo"]
[Black "Malakhatko, Vadym"]
[Result "0-1"]
[WhiteElo "2200"]
[BlackElo "2445"]
[EventDate "1997.07.14"]
[PlyCount "82"]

1.c4 Nf6 2.Nc3 e5 3.g3 g6 4.d4 exd4 5.Qxd4 Nc6 6.Qe3+ Qe7 7.Nf3 Qxe3 8.
Bxe3 Bb4 9.Bd2 a6 10.Bg2 d6 11.O-O Be6 12.b3 O-O 13.Ng5 Bg4 14.Rae1 Rfe8 
15.e3 Kg7 16.h3 Bf5 17.e4 Bd7 18.Nf3 Rac8 19.Nd5 Bxd2 20.Nxd2 Nd4 21.f4 
Bc6 22.Nf3 Bxd5 23.cxd5 Nb5 24.Nd2 Nc3 25.Kf2 Nxa2 26.e5 dxe5 27.fxe5 Nd7 
28.e6 Nc5 29.Kg1 fxe6 30.dxe6 Re7 31.Ne4 Nxe4 32.Rxe4 c5 33.Rd1 Rcc7 34.
Rd6 Nb4 35.Re2 b5 36.h4 c4 37.bxc4 bxc4 38.Bh3 c3 39.Rd1 c2 40.Rc1 Rc3 41.
Kh2 Rd3 0-1

[Event "36th World U20 ch"]
[Site "Zagan POL"]
[Date "1997.07.14"]
[Round "1"]
[White "Vajda, Levente"]
[Black "Bircher, Roland"]
[Result "1-0"]
[WhiteElo "2445"]
[BlackElo "2185"]
[EventDate "1997.07.14"]
[PlyCount "75"]

1.e4 c5 2.Nf3 d6 3.d4 cxd4 4.Nxd4 Nf6 5.Nc3 g6 6.Be2 Bg7 7.O-O Nc6 8.Nb3 
O-O 9.Be3 Be6 10.Nd4 Bd7 11.f3 Qb6 12.Qd3 Qa5 13.Nb3 Qc7 14.Nb5 Qc8 15.Na3
Ne5 16.Qd2 Be6 17.c4 b6 18.Nd4 Bd7 19.Rac1 Qb7 20.b3 Rac8 21.Nb1 Nc6 22.
Nc2 Rfd8 23.Nc3 Be8 24.Kh1 e6 25.Bg5 Ne7 26.Ne3 Bc6 27.Rfd1 Rd7 28.Qe1 h6 
29.Bxf6 Bxf6 30.Ng4 Bg5 31.Rc2 h5 32.h4 hxg4 33.hxg5 d5 34.cxd5 exd5 35.
exd5 Bxd5 36.Nxd5 Nxd5 37.Rcd2 Rcd8 38.Bb5 1-0

[Event "36th World U20 ch"]
[Site "Zagan POL"]
[Date "1997.07.14"]
[Round "1"]
[White "Pihlajasalo, Hannu"]
[Black "Florean, Andrei"]
[Result "0-1"]
[WhiteElo "2185"]
[BlackElo "2445"]
[EventDate "1997.07.14"]
[PlyCount "72"]

1.d4 Nf6 2.c4 c5 3.d5 d6 4.Nc3 g6 5.e4 Bg7 6.f3 O-O 7.Be3 e6 8.Qd2 exd5 9.
cxd5 a6 10.a4 Re8 11.Nge2 Nbd7 12.Ng3 h5 13.Be2 h4 14.Nf1 Nh7 15.Bh6 Bd4 
16.Be3 Bh8 17.Bf2 Ne5 18.Ne3 Qf6 19.h3 Bg7 20.Ng4 Qe7 21.Be3 f5 22.Nf2 Bd7
23.O-O Nf7 24.Bd3 Nf6 25.Rae1 Qf8 26.exf5 gxf5 27.Qc2 Nh5 28.Bd2 Ne5 29.
Bg5 Ng3 30.Bxh4 Nxf1 31.Rxf1 c4 32.Be2 b5 33.axb5 axb5 34.b3 b4 35.Na4 
cxb3 36.Qxb3 Ng6 0-1

[Event "36th World U20 ch"]
[Site "Zagan POL"]
[Date "1997.07.14"]
[Round "1"]
[White "Szabo, Zsolt Jozsef"]
[Black "Karner, Christoph"]
[Result "1-0"]
[WhiteElo "2435"]
[BlackElo "2155"]
[EventDate "1997.07.14"]
[PlyCount "111"]

1.e4 c5 2.Nf3 e6 3.d4 cxd4 4.Nxd4 Nf6 5.Nc3 d6 6.Be2 Be7 7.O-O O-O 8.Be3 
Nc6 9.f4 a6 10.a4 Qc7 11.Kh1 Re8 12.Qe1 Bd7 13.Bf3 Nxd4 14.Bxd4 e5 15.fxe5
dxe5 16.Qg3 Bc5 17.Bxc5 Qxc5 18.Be2 Kh8 19.Bd3 Be6 20.Qh4 Rac8 21.h3 Qe7 
22.Qg3 Bc4 23.Rad1 Qb4 24.Bxc4 Qxc4 25.Rf3 b5 26.axb5 axb5 27.Qh4 b4 28.
Nd5 Nxe4 29.Ne3 Qc6 30.Rxf7 Rf8 31.Qe7 Rfe8 32.Qxb4 Rb8 33.Qa3 Nf6 34.b4 
Qb6 35.Nd5 Qd6 36.Qg3 Rg8 37.Ne3 Qe6 38.Ra7 Rxb4 39.Rf1 Qb6 40.Rf7 Qe6 41.
Ra7 g6 42.Qg5 Rb6 43.Qh6 Nd7 44.Ng4 Rd6 45.Re1 Re8 46.Rxe5 Rd1+ 47.Kh2 Qd6
48.Rxd7 Qxd7 49.Nf6 Qc7 50.Qxh7+ Qxh7 51.Rxe8+ Kg7 52.Nxh7 Kxh7 53.Re2 Kg7
54.Kg3 Kf6 55.Kf4 Rg1 56.Ke4 1-0

[Event "36th World U20 ch"]
[Site "Zagan POL"]
[Date "1997.07.14"]
[Round "1"]
[White "Gershon, Alik"]
[Black "Blanco Acevedo, Cristobal Jose"]
[Result "1-0"]
[WhiteElo "2420"]
[BlackElo "2090"]
[EventDate "1997.07.14"]
[PlyCount "97"]

1.e4 c5 2.Nf3 Nc6 3.d4 cxd4 4.Nxd4 Nf6 5.Nc3 e5 6.Ndb5 d6 7.Bg5 a6 8.Na3 
b5 9.Nd5 Be7 10.Bxf6 Bxf6 11.c3 O-O 12.Nc2 Rb8 13.h4 a5 14.a3 Be7 15.Nce3 
Be6 16.b4 Kh8 17.g3 Qd7 18.Bd3 Bd8 19.Qe2 Qb7 20.O-O a4 21.Nf5 Bxd5 22.
exd5 Ne7 23.Nxd6 Qxd5 24.Nxb5 e4 25.Bc4 Qe5 26.Rad1 Bb6 27.Kg2 Nf5 28.Rd5 
Qe6 29.Rfd1 e3 30.Qf3 g6 31.Bd3 Nh6 32.Nd4 Bxd4 33.Rxd4 exf2 34.Bc4 Qb6 
35.Qxf2 Nf5 36.R4d3 Qc7 37.Bd5 Rbe8 38.Re1 Re5 39.g4 Ng7 40.Qg3 f6 41.Rf3 
Rfe8 42.Rxf6 Re2+ 43.Rxe2 Rxe2+ 44.Rf2 Qe7 45.Qf3 Rxf2+ 46.Qxf2 Ne8 47.Kf1
Nf6 48.Qd4 Qd6 49.c4 1-0

[Event "36th World U20 ch"]
[Site "Zagan POL"]
[Date "1997.07.14"]
[Round "1"]
[White "Kucumenler, Tarkan"]
[Black "Tikhonov, Yury"]
[Result "0-1"]
[WhiteElo "2035"]
[BlackElo "2415"]
[EventDate "1997.07.14"]
[PlyCount "78"]

1.e4 c5 2.Nf3 d6 3.d4 cxd4 4.Nxd4 Nf6 5.Nc3 a6 6.Bc4 e6 7.Bb3 b5 8.O-O Be7
9.Qf3 Qb6 10.Be3 Qb7 11.Qg3 Nc6 12.Nxc6 Qxc6 13.f3 O-O 14.a3 Bb7 15.Rad1 
Rac8 16.Kh1 Kh8 17.Ne2 Rfd8 18.Nd4 Qe8 19.Qf2 Nd7 20.Qd2 Ne5 21.Bg5 Bxg5 
22.Qxg5 Nc4 23.Bxc4 Rxc4 24.c3 h6 25.Qg3 Rcc8 26.Nb3 e5 27.Qf2 Qe6 28.Na5 
Ba8 29.Qb6 d5 30.Qxe6 fxe6 31.exd5 Bxd5 32.Rde1 Rf8 33.Rxe5 Rf4 34.Rd1 Ra4
35.Rdxd5 exd5 36.Nb3 d4 37.cxd4 Rxd4 38.h3 Rd1+ 39.Kh2 Rc2 0-1

[Event "36th World U20 ch"]
[Site "Zagan POL"]
[Date "1997.07.15"]
[Round "2"]
[White "Florean, Andrei"]
[Black "Kasimdzhanov, Rustam"]
[Result "1-0"]
[WhiteElo "2445"]
[BlackElo "2545"]
[EventDate "1997.07.14"]
[PlyCount "157"]

1.e4 e6 2.d3 c5 3.Nf3 Nc6 4.g3 g6 5.Bg2 Bg7 6.O-O Nge7 7.c3 e5 8.Be3 d6 9.
Qd2 O-O 10.d4 exd4 11.cxd4 Bg4 12.dxc5 dxc5 13.Bxc5 Qc8 14.Bxe7 Nxe7 15.
Nc3 Rd8 16.Qg5 Qe6 17.Rad1 Nc6 18.Rd5 h6 19.Qd2 Qf6 20.Qf4 Be6 21.Rxd8+ 
Rxd8 22.a3 Rd3 23.Qxf6 Bxf6 24.Rd1 Rxd1+ 25.Nxd1 b5 26.Nd2 b4 27.axb4 Nxb4
28.Bf1 Kf8 29.Bc4 Bd7 30.Kf1 Bd4 31.Nf3 Bg7 32.Nc3 a5 33.Ke1 Bg4 34.Ng1 
Ke7 35.Kd2 Bd7 36.Nge2 f5 37.exf5 Bxf5 38.Nc1 Kd6 39.Nb3 Bd7 40.Nxa5 Bd4 
41.Nb3 Bb6 42.Ne4+ Kc6 43.Nc1 Bf5 44.f3 Bd4 45.b3 g5 46.Ne2 Bg7 47.Nf2 Kd6
48.Nd3 Nc6 49.Ke3 h5 50.Nf2 Ke7 51.Ne4 g4 52.f4 Bg6 53.Ng5 Bb2 54.Bd3 Be8 
55.h4 gxh3 56.Nxh3 Na5 57.b4 Nc6 58.b5 Nb4 59.Bc4 Nc2+ 60.Kf2 Kd6 61.Ng5 
Kc5 62.Bf7 Bxf7 63.Nxf7 Kxb5 64.Kf3 Nd4+ 65.Nxd4+ Bxd4 66.Ne5 Kc5 67.Ke4 
Bg1 68.Nd7+ Kd6 69.Nf6 h4 70.gxh4 Ke6 71.Ng4 Bc5 72.h5 Ba3 73.f5+ Kf7 74.
f6 Bb2 75.Kf5 Bc3 76.Ne5+ Kg8 77.Ke6 Kh7 78.Ng4 Kg8 79.Ke7 1-0

[Event "36th World U20 ch"]
[Site "Zagan POL"]
[Date "1997.07.15"]
[Round "2"]
[White "Gyimesi, Zoltan"]
[Black "Gershon, Alik"]
[Result "1-0"]
[WhiteElo "2525"]
[BlackElo "2420"]
[EventDate "1997.07.14"]
[PlyCount "113"]

1.d4 Nf6 2.c4 c5 3.d5 b5 4.cxb5 a6 5.bxa6 g6 6.Nc3 Bxa6 7.e4 Bxf1 8.Kxf1 
d6 9.Nf3 Nbd7 10.g3 Bg7 11.Kg2 O-O 12.Re1 Qa5 13.e5 Ng4 14.exd6 exd6 15.
Bf4 Rfb8 16.Re2 Nge5 17.Nxe5 Nxe5 18.Rc1 c4 19.Bxe5 Bxe5 20.Rd2 Bxc3 21.
bxc3 Rb5 22.Qf3 Re8 23.Re2 Rxe2 24.Qxe2 Rxd5 25.Qxc4 Rd2 26.a4 Qa8+ 27.Kg1
Qf3 28.Qf1 h5 29.a5 Ra2 30.Ra1 Rxa1 31.Qxa1 h4 32.a6 h3 33.Qf1 Qa8 34.Qxh3
Qxa6 35.Qf1 Qc6 36.Qd3 d5 37.Qd4 Qe6 38.h4 Qf5 39.Kg2 Qe6 40.g4 Kh7 41.Kg3
Kg8 42.Kf4 Qe7 43.Kg3 Qe6 44.Qe3 Qf6 45.f4 Qc6 46.Qd4 Qb5 47.f5 gxf5 48.
gxf5 Kh7 49.Kf4 Qf1+ 50.Ke5 Qf3 51.Kf6 Qh3 52.Qe5 Qxh4+ 53.Kxf7 Qh5+ 54.
Ke7 Qg5+ 55.Qf6 Qe3+ 56.Kf7 Qa7+ 57.Qe7 1-0

[Event "36th World U20 ch"]
[Site "Zagan POL"]
[Date "1997.07.15"]
[Round "2"]
[White "Iordachescu, Viorel"]
[Black "Carrasco Martinez, Juan Manuel"]
[Result "1-0"]
[WhiteElo "2500"]
[BlackElo "2280"]
[EventDate "1997.07.14"]
[PlyCount "77"]

1.e4 g6 2.d4 Bg7 3.Nf3 d6 4.c3 Nf6 5.Bd3 O-O 6.O-O c5 7.h3 Nc6 8.d5 Ne5 9.
Nxe5 dxe5 10.Be3 Qc7 11.Nd2 Ne8 12.b4 b6 13.bxc5 bxc5 14.Qa4 Bd7 15.Qa3 
Nd6 16.Rfb1 c4 17.Be2 f5 18.f3 e6 19.dxe6 Bxe6 20.Rb4 Rfc8 21.Rab1 Bf8 22.
Qa6 Qf7 23.Qa5 Qf6 24.Qa4 Qf7 25.Qc2 h5 26.a4 f4 27.Bf2 g5 28.a5 Qg6 29.a6
Rc7 30.Qd1 Rac8 31.Rb8 Rxb8 32.Rxb8 Rg7 33.Bc5 Rd7 34.Qa4 Qf7 35.Nxc4 Nc8 
36.Qb4 Rc7 37.Bxf8 Bxc4 38.Bd6 Rc6 39.Bxc4 1-0

[Event "36th World U20 ch"]
[Site "Zagan POL"]
[Date "1997.07.15"]
[Round "2"]
[White "Tikhonov, Yury"]
[Black "Shaked, Tal"]
[Result "1/2-1/2"]
[WhiteElo "2415"]
[BlackElo "2500"]
[EventDate "1997.07.14"]
[PlyCount "58"]

1.d4 Nf6 2.c4 g6 3.Nc3 Bg7 4.e4 d6 5.f3 O-O 6.Be3 c5 7.dxc5 dxc5 8.Qxd8 
Rxd8 9.Bxc5 Nc6 10.Nge2 b6 11.Ba3 e6 12.Nb5 Ne8 13.Rd1 Bb7 14.Nc1 f5 15.
exf5 gxf5 16.Nb3 a5 17.Bd3 Nb4 18.Bb1 Ba6 19.N3d4 Kf7 20.Kf2 Rac8 21.b3 
Rd7 22.Ne2 Bxb5 23.cxb5 Rcd8 24.Rxd7+ Rxd7 25.Bc1 Nc7 26.Be3 Nbd5 27.Rd1 
Nxb5 28.g4 fxg4 29.fxg4 Kg8 1/2-1/2

[Event "36th World U20 ch"]
[Site "Zagan POL"]
[Date "1997.07.15"]
[Round "2"]
[White "Bratanov, Zsivko"]
[Black "Macieja, Bartlomiej"]
[Result "1/2-1/2"]
[WhiteElo "2355"]
[BlackElo "2470"]
[EventDate "1997.07.14"]
[PlyCount "98"]

1.e4 c5 2.Nf3 d6 3.d4 Nf6 4.Nc3 cxd4 5.Nxd4 g6 6.Bc4 Bg7 7.h3 O-O 8.Bb3 a6
9.O-O b5 10.Bg5 Bb7 11.Re1 Nbd7 12.Nd5 h6 13.Bh4 g5 14.Bg3 e6 15.Nxf6+ 
Qxf6 16.c3 Ne5 17.Qd2 Rad8 18.f4 gxf4 19.Bxf4 Qh4 20.Re2 Ng6 21.Bh2 Qg5 
22.Rd1 Qxd2 23.Rdxd2 Be5 24.a4 bxa4 25.Bxa4 Kg7 26.Nf3 Bxh2+ 27.Kxh2 Kf6 
28.Rd4 Ne5 29.Rb4 Rb8 30.Rd2 a5 31.Rb5 Bxe4 32.Nxe5 dxe5 33.Rf2+ Kg7 34.
Rxe5 Bd5 35.Bd1 Rb7 36.Bf3 Bxf3 37.Rxf3 Rxb2 38.Rxa5 f5 39.Ra6 Kf7 40.Rg3 
f4 41.Rg4 Ke7 42.Rg6 Re2 43.Ra7+ Kd6 44.Ra6+ Ke7 45.Ra7+ Kd6 46.Ra6+ Kd5 
47.c4+ Kxc4 48.Raxe6 f3 49.Kg1 Kd5 1/2-1/2

[Event "36th World U20 ch"]
[Site "Zagan POL"]
[Date "1997.07.15"]
[Round "2"]
[White "Petry, Croife"]
[Black "Banikas, Hristos"]
[Result "0-1"]
[WhiteElo "2195"]
[BlackElo "2450"]
[EventDate "1997.07.14"]
[PlyCount "82"]

1.d4 Nf6 2.Nf3 g6 3.Bg5 Bg7 4.Nbd2 O-O 5.e4 d5 6.exd5 Nxd5 7.c3 h6 8.Bh4 
f5 9.Bc4 c6 10.Qe2 g5 11.Bxg5 hxg5 12.Nxg5 Qd6 13.O-O-O Na6 14.Rde1 Nc7 
15.Qxe7 Qxe7 16.Rxe7 Kh8 17.Ree1 Bf6 18.Ndf3 Bd7 19.h4 Kg7 20.g3 Rfe8 21.
Bd3 b5 22.Kd2 a6 23.Kc1 Nb6 24.Ne5 Bxe5 25.dxe5 Be6 26.b3 Bd5 27.Rhg1 a5 
28.g4 f4 29.h5 Nd7 30.Bf5 Nxe5 31.Nh3 Nf3 32.Rxe8 Nxe8 33.Rd1 Nd6 34.Bc2 
Kh6 35.Bd3 Ng5 36.Ng1 f3 37.c4 bxc4 38.bxc4 Be6 39.Bf1 Nde4 40.Rd4 Bxg4 
41.Bd3 Nxf2 0-1

[Event "36th World U20 ch"]
[Site "Zagan POL"]
[Date "1997.07.15"]
[Round "2"]
[White "Kelly, Brian"]
[Black "Avrukh, Boris"]
[Result "1-0"]
[WhiteElo "2390"]
[BlackElo "2550"]
[EventDate "1997.07.14"]
[PlyCount "115"]

1.d4 Nf6 2.c4 g6 3.Nc3 d5 4.Nf3 Bg7 5.Bg5 Ne4 6.cxd5 Nxg5 7.Nxg5 e6 8.Nf3 
exd5 9.e3 O-O 10.Bd3 c6 11.O-O Qe7 12.Rb1 Bg4 13.h3 Be6 14.Qc2 Nd7 15.Ne2 
f5 16.b4 a6 17.a4 Rac8 18.Rfc1 g5 19.Nd2 Kh8 20.f4 g4 21.hxg4 fxg4 22.g3 
Nf6 23.Kf2 Rfe8 24.Qc5 Qd7 25.Qc2 Qe7 26.Qc5 Qd7 27.Qc2 Bg8 28.Rb3 Bf8 29.
Qb1 Bd6 30.Rh1 Rc7 31.Bf5 Qe7 32.Rh4 Bxb4 33.Nf1 a5 34.Bxg4 Ne4+ 35.Kg2 
Qf6 36.Bf3 b6 37.Rh1 c5 38.g4 c4 39.Rb2 c3 40.Rc2 Nd6 41.Qc1 Qg6 42.Neg3 
Rf8 43.g5 Qe8 44.Ra2 Nc4 45.Kf2 Re7 46.Rh6 Nd2 47.Rxb6 Re6 48.Rxe6 Bxe6 
49.Nxd2 cxd2 50.Qd1 Bh3 51.Rxd2 Bxd2 52.Qxd2 Qxa4 53.Bxd5 Rb8 54.Ne2 Qa1 
55.Qd3 Qf1+ 56.Kg3 Bd7 57.Qa6 Qh3+ 58.Kf2 1-0

[Event "36th World U20 ch"]
[Site "Zagan POL"]
[Date "1997.07.15"]
[Round "2"]
[White "Mirumian, Vigen"]
[Black "Bates, Richard"]
[Result "0-1"]
[WhiteElo "2490"]
[BlackElo "2345"]
[EventDate "1997.07.14"]
[PlyCount "76"]

1.e4 c5 2.Nc3 d6 3.Nf3 Nf6 4.d4 cxd4 5.Nxd4 a6 6.Bc4 e6 7.O-O Be7 8.Bb3 
Nc6 9.Kh1 O-O 10.f4 Nxd4 11.Qxd4 b5 12.a3 Rb8 13.f5 a5 14.Qd3 b4 15.axb4 
axb4 16.Ne2 exf5 17.exf5 Bb7 18.Bg5 Ra8 19.Rae1 Ra5 20.Ng3 Re5 21.Bf4 Qa8 
22.Qd2 Rxe1 23.Rxe1 Ne4 24.Nxe4 Bxe4 25.Qe2 d5 26.Be5 Qc6 27.Ra1 Bf6 28.
Bxf6 Qxf6 29.Rf1 Qxb2 30.Qd2 Qc3 31.Qxc3 bxc3 32.Kg1 Rb8 33.g4 Kf8 34.Kf2 
d4 35.Rc1 Rb6 36.Ke2 Rxb3 37.cxb3 d3+ 38.Ke3 d2 0-1

[Event "36th World U20 ch"]
[Site "Zagan POL"]
[Date "1997.07.15"]
[Round "2"]
[White "Stojanovic, Mihajlo"]
[Black "Sarakauskas, Gediminas"]
[Result "1-0"]
[WhiteElo "2470"]
[BlackElo "2295"]
[EventDate "1997.07.14"]
[PlyCount "83"]

1.e4 g6 2.d4 Bg7 3.Nf3 d6 4.Nc3 Nf6 5.Be2 O-O 6.O-O c6 7.Bg5 Nbd7 8.e5 Ne8
9.Re1 d5 10.Qd2 Nc7 11.Bf1 Re8 12.Ne2 Nf8 13.Ng3 Bg4 14.Nh4 f6 15.Bh6 e6 
16.Bxg7 Kxg7 17.Qf4 f5 18.Nf3 Bxf3 19.gxf3 h5 20.a4 Nd7 21.Bd3 Rg8 22.Kh1 
Kh7 23.Rg1 Qe7 24.Ne2 c5 25.c3 b5 26.Rg5 Rab8 27.Rag1 c4 28.Bb1 Qf7 29.Qe3
Rg7 30.Nf4 Rbg8 31.Nxg6 Qxg6 32.Rxg6 Rxg6 33.Rg3 a5 34.Bc2 Nb6 35.Qf4 R8g7
36.Bxf5 exf5 37.Qxf5 Kh6 38.Qf8 Rxg3 39.fxg3 Nxa4 40.f4 Nxb2 41.Qh8+ Kg6 
42.f5+ 1-0

[Event "36th World U20 ch"]
[Site "Zagan POL"]
[Date "1997.07.15"]
[Round "2"]
[White "Bagheri, Amir"]
[Black "Goloschapov, Alexander"]
[Result "1/2-1/2"]
[WhiteElo "2300"]
[BlackElo "2400"]
[EventDate "1997.07.14"]
[PlyCount "70"]

1.d4 d5 2.Nf3 c6 3.Bf4 Qb6 4.Qc1 Bf5 5.e3 e6 6.Bd3 Bg6 7.O-O Nd7 8.Nbd2 
Ngf6 9.Ne5 Nxe5 10.Bxe5 Be7 11.Re1 O-O 12.Bxg6 hxg6 13.c3 Nd7 14.Bg3 c5 
15.Nf3 Bf6 16.Qd2 Rad8 17.Bf4 Rfe8 18.Rad1 Qc6 19.Qc2 b5 20.e4 dxe4 21.
Rxe4 Nb6 22.Be5 Nc4 23.Bxf6 gxf6 24.Rde1 Rd5 25.Rh4 Kg7 26.Qc1 Rh8 27.Rxh8
Kxh8 28.Rd1 Kg7 29.h3 e5 30.b3 Nd6 31.dxe5 fxe5 32.Rxd5 Qxd5 33.Qd2 Qe6 
34.Ng5 Qe7 35.f3 f6 1/2-1/2